Environmental Chemistry/ (Record no. 191258)

MARC details
000 -LEADER
fixed length control field 00504nam a2200181 4500
005 - DATE AND TIME OF LATEST TRANSACTION
control field 20240320111633.0
010 ## - LCCN (DPL NO)
LC control number ENG-134576
020 ## - INTERNATIONAL STANDARD BOOK NUMBER
International Standard Book Number 9789389579543
Terms of availability 660.00
035 ## - SYSTEM CONTROL NUMBER
System control number EN-118108
037 ## - SOURCE OF ACQUISITION
Source of stock number/acquisition DBAD/PUB
082 ## - DEWEY DECIMAL CLASSIFICATION NUMBER
Classification number 574.5
100 ## - MAIN ENTRY--PERSONAL NAME
Personal name Kaur H.
245 ## - TITLE STATEMENT
Title Environmental Chemistry/
Statement of responsibility, etc H. Kaur
Medium English
260 ## - PUBLICATION, DISTRIBUTION, ETC. (IMPRINT)
Place of publication, distribution, etc Meerut
Name of publisher, distributor, etc Pragati Prakashan
Date of publication, distribution, etc 2005
270 ## - ADDRESS
Address Ra240, W.K Road
City Meerut
300 ## - PHYSICAL DESCRIPTION
Extent 692p.
Dimensions 24cm(pbk)
942 ## - ADDED ENTRY ELEMENTS (KOHA)
Source of classification or shelving scheme Dewey Decimal Classification
Item type English Books
Classification part 574.5
Call number suffix KAU
Edition 2021
Holdings
Withdrawn status Lost status Not for loan Collection code Home library Current library Date acquired Source of acquisition Cost, normal purchase price Full call number Barcode Copy number Cost, replacement price Koha item type
      Non-fiction Bawana Bawana 01/03/2024 DBAD 660.00 574.5 KAU EN-118108 1 660.00 English Books

© Delhi Public Library
Hit Counter
free hit counter